Εκκλησιαστική ιστορία : ζητήματα της β' χιλιετίας

Αποθηκεύτηκε σε:
Λεπτομέρειες βιβλιογραφικής εγγραφής
Κύριος συγγραφέας: Βαλαής, Διονύσιος Δ.
Μορφή: Βιβλίο
Γλώσσα:Greek
Δημοσίευση: Θεσσαλονίκη : Μπαρμπουνάκης, 2017.
Θέματα:
Ετικέτες: Προσθήκη ετικέτας
Δεν υπάρχουν, Καταχωρήστε ετικέτα πρώτοι!

MARC

LEADER 00000nam a2200000 a 4500
001 1/116470
008 180510s2017####gr | ||| |||| ||gre||
020 |a 9789602672280  
040 |a GR-MyUa  |b gre  |c GR-MyUa  |e AACR2 
041 0 |a gre 
082 7 |a 270   |2 (23) 
100 1 |a Βαλαής, Διονύσιος Δ. 
245 1 0 |a Εκκλησιαστική ιστορία :   |b ζητήματα της β' χιλιετίας /   |c Διονύσιος Δ. Βαλαής.  
260 |a Θεσσαλονίκη :   |b Μπαρμπουνάκης,   |c 2017.  
300 |a 850 σ. ;   |c 24 εκ.  
650 0 |a Church history. 
650 0 |a Christianity. 
852 |a INST  |b LESVOS  |c EUDOXUS  |e 20180510  |h 270 ΒΑΛ  |p 005100060253  |q 005100060253  |t EDX  |y 0 
920 |a Εύδοξος  |b Παραγγελία  |y Λέσβος-ΤΚΑΙ  |z 2018-04 
970 |z 10-05-2018